New concise Webster`s dictionary: composite edition, especially compiled for home, school, and office use

Sparad:
Bibliografiska uppgifter
Huvudupphovsmän: Webster, Noah (Författare, medförfattare), Teall, Edward N (Författare, medförfattare)
Materialtyp: Bok
Språk:engelska
Publicerad: Nueva York Modern Promotions 1982
Upplaga:1a. ed
Ämnen:
Taggar: Lägg till en tagg
Inga taggar, Lägg till första taggen!

MARC

LEADER 00000cam a2200000 a 4500
001 UCC6762
003 CL-VaPUC
008 190103e19820000us |||||||||||||||||eng|d
082 0 4 |a 423  |b WEB  |2 21 
100 0 |a Webster, Noah  |e author  |9 516589 
700 0 |a Teall, Edward N  |e author  |9 601244 
245 1 0 |a New concise Webster`s dictionary: composite edition, especially compiled for home, school, and office use 
250 |a 1a. ed 
300 |a 370 p 
942 |c BK 
945 |d 20190103 17:32:00  |a dcastane 
260 |a Nueva York  |b Modern Promotions  |c 1982 
650 0 |a Diccionarios  |9 256200 
650 0 |a Lengua inglesa  |9 318842 
583 |a last modification  |c 20190103 17:32:00  |k Rodrigo Vera 
999 |c 373618  |d 373616 
952 |0 0  |1 0  |3 erb  |4 0  |6 423_000000000000000_WEB_1982  |7 0  |8 A  |9 491812  |a BIBING  |b BIBING  |i 5527767  |o 423 WEB 1982  |p 5527767  |r 2025-01-20  |w 2019-11-24  |y BK  |z Catalogado en:20190103  |k EIQ